000
00328 a2200157 4500
001
180314
020
_a
040
_c
Magnum
100
_a
Iacocca, Liliana
240
1
0
_a
O cachorro e a pulga
_l
por
245
1
0
_a
O cachorro e a pulga
362
0
_a
1899
440
1
_a
Ática
697
_a
MAGNITO: IJ/ANIMAIS
942
_c
BK
999
_c
180314
_d
180314